Liedtext - Geboren um zu leben - Unheilig - Statistiken

Allgemein
  • Dieses Quiz wurde 939 mal gespielt
  • Das Durchschnittsergebnis liegt bei 233 aus 316
Antwortstatistiken
Textquiz % Korrekt
geboren
99%
Geboren
99%
leben
99%
Leben
99%
zu
99%
um
98%
Wir
94%
Zeit
91%
den
88%
war
87%
jeder
83%
in
82%
In
82%
ist
82%
waren
82%
wie
82%
Wie
82%
das
81%
bis
80%
mit
79%
Mit
79%
Wundern
78%
uns
77%
du
76%
Ich
76%
eine
75%
Ewigkeit
75%
wertvoll
75%
Es
74%
für
74%
niemals
73%
vergessen
73%
Augenblick
72%
einen
72%
mir
68%
Und
68%
von
68%
an
66%
An
66%
dich
66%
Tag
65%
alles
64%
dem
64%
Jeden
62%
jeden
62%
dass
61%
mein
61%
so
61%
spürte
61%
ohne
60%
Ohne
60%
schwer
60%
was
60%
fällt
59%
nicht
59%
bist
58%
Denn
58%
geben
58%
einfach
56%
hast
55%
gezeigt
54%
vor
54%
Bei
52%
denk'
52%
Sich
52%
mehr
51%
vergangenen
51%
wieder
51%
jedem
50%
geliebten
49%
oft
49%
meiner
48%
stell'
48%
stehst
47%
diesem
45%
gehst
45%
nach
45%
nah
45%
seitdem
45%
Seite
45%
Träume
45%
Zukunft
45%
zurück
45%
aller
44%
denke
43%
erlauben
43%
vieles
43%
Wunsch
43%
schauen
42%
Wege
42%
noch
40%
vorn
39%
Reue
37%
Neues
35%
Sinn
34%
Gefühl
33%
sehe
33%
tut
33%
weh
32%
zuzulassen
31%
gutem
30%
neuen
30%
etwas
29%
schaffen
26%
Platz
25%
Keine übereinstimmenden Quizze gefunden
Verteilung der Resultate
Anzahl Personen mit jedem Resultat
Perzentil nach korrekt beantworteten Fragen
Ihre Resultats-Entwicklung
Sie haben dieses Quiz noch nicht gespielt